Cold Warriors - Statistics

General Stats
  • This quiz has been taken 52 times
  • The average score is 43 of 50
Answer Stats
Cold Warrior Country % Correct
Deng Xiaoping China
95%
Charles de Gaulle France
95%
Indira Gandhi India
95%
Winston Churchill United Kingdom
95%
Dwight Eisenhower United States
95%
Gerald Ford United States
95%
Lyndon B. Johnson United States
95%
John F. Kennedy United States
95%
Ho Chi Minh Vietnam
95%
Ernesto 'Che' Guevara Argentina | Cuba
93%
Mao Zedong China
93%
Chiang Kai-Shek China | Taiwan
93%
Fidel Castro Cuba
93%
Kim Il-Sung North Korea
93%
Leonid Brezhnev Soviet Union
93%
Mikhail Gorbachev Soviet Union
93%
Margaret Thatcher United Kingdom
93%
George W. Bush United States
93%
Jimmy Carter United States
93%
Joseph McCarthy United States
93%
Richard Nixon United States
93%
Ronald Reagan United States
93%
Harry Truman United States
93%
Pol Pot Cambodia
91%
Yuri Andropov Soviet Union
91%
Nikita Khrushchev Soviet Union
91%
Vyacheslav Molotov Soviet Union
91%
Joseph Stalin Soviet Union
91%
Boris Yeltsin Soviet Union | Russia
91%
Henry Kissinger United States
91%
Gamal Abdel Nasser Egypt
88%
François Mitterrand France
88%
Nicolae Ceaușescu Romania
88%
Erich Honecker East Germany
86%
Helmut Kohl West Germany | Germany
86%
Augusto Pinochet Chile
84%
Lech Wałęsa Poland
84%
Josip Tito Yugoslavia
84%
David Ben-Gurion Israel
79%
John Foster Dulles United States
77%
Konrad Adenauer West Germany
77%
Golda Meir Israel
74%
Konstantin Chernenko Soviet Union
74%
Anwar Sadat Egypt
72%
Enver Hoxha Albania
70%
Dean Rusk United States
67%
Walter Ulbricht East Germany
65%
Willy Brandt West Germany
65%
Salvador Allende Chile
60%
Gustáv Husák Czechoslovakia
53%
No matching quizzes found
Score Distribution
Percent of People with Each Score
Percentile by Number Answered
Your Score History
You have not taken this quiz